Bilbilis (Record no. 92144)
[ view plain ]
| 000 -LEADER | |
|---|---|
| campo de control de longitud fija | 00627nam a2200217 i 4500 |
| 001 - NÚMERO DE CONTROL | |
| campo de control | 92144 |
| 003 - IDENTIFICADOR DE NÚMERO DE CONTROL | |
| campo de control | ES-MaACL |
| 005 - FECHA Y HORA DE LA ÚLTIMA TRANSACCIÓN | |
| campo de control | 20230906180916.0 |
| 007 - CAMPO FIJO DE DESCRIPCIÓN FÍSICA--INFORMACIÓN GENERAL | |
| campo de control de longitud fija | t| |
| 008 - DATOS DE LONGITUD FIJA--INFORMACIÓN GENERAL | |
| campo de control de longitud fija | 050222s1972 sp ||||1| spa d |
| 100 1# - ENTRADA PRINCIPAL--NOMBRE DE PERSONA | |
| Nombre de persona | Lhande, Pierre. |
| 9 (RLIN) | 72131 |
| 245 10 - MENCIÓN DEL TÍTULO | |
| Título | Bilbilis |
| Resto del título | : Novela / |
| Mención de responsabilidad, etc. | Pierre Lhande; [trad. M. González Ruiz]. |
| 250 ## - MENCION DE EDICION | |
| Mención de edición | 2ª ed.facs. |
| 260 ## - PUBLICACIÓN, DISTRIBUCIÓN, ETC. | |
| Lugar de publicación, distribución, etc. | San Sebastián : |
| Nombre del editor, distribuidor, etc. | Auñamendi, |
| Fecha de publicación, distribución, etc. | [1972] |
| 300 ## - DESCRIPCIÓN FÍSICA | |
| Extensión | 271 p. : |
| Otras características físicas | il. ; |
| Dimensiones | 18 cm. |
| 655 #7 - TERMINO DE INDIZACIÓN--GENERO/FORMA | |
| Fuente del término | tgfbne |
| 9 (RLIN) | 226495 |
| Datos o término principal de género/forma | Facsímiles |
| 700 1# - ENTRADA AGREGADA--NOMBRE PERSONAL | |
| Nombre de persona | González Ruiz, M. |
| 9 (RLIN) | 58944 |
| 852 ## - LOCALIZACIÓN | |
| Ubicación | ES-MaACL |
| Número de control de estantería | C-52201 |
| Sublocalización o colección | R.81523 |
| 942 ## - ELEMENTOS DE ENTRADA SECUNDARIOS (KOHA) | |
| Fuente del sistema de clasificación o colocación | Clasificación decimal universal |
| Estatus retirado | Estado de pérdida | Estado de daño | No para préstamo | Biblioteca de origen | Biblioteca actual | Ubicación en estantería | Fecha de adquisición | Fuente de adquisición | Total de préstamos | Signatura topográfica completa | Código de barras | Visto por última vez | Precio de reemplazo | Tipo de ítem Koha |
|---|---|---|---|---|---|---|---|---|---|---|---|---|---|---|
| Biblioteca del Ateneo de Madrid | Biblioteca del Ateneo de Madrid | Depósito 2 | 17/01/2008 | C-52201 | 1096204 | 23/02/2023 | 23/02/2023 | Libro impreso |
